Smarangatha (Marathi) (Record no. 50991)

MARC details
000 -LEADER
fixed length control field 00328nam a2200133Ia 4500
008 - FIXED-LENGTH DATA ELEMENTS--GENERAL INFORMATION
fixed length control field 220530s9999 xx 000 0 und d
041 ## - LANGUAGE CODE
Language code of text/sound track or separate title eng
082 ## - DEWEY DECIMAL CLASSIFICATION NUMBER
Classification number 891.46
Item number DAN
100 ## - MAIN ENTRY--PERSONAL NAME
Personal name Dandekar G N
9 (RLIN) 56154
245 ## - TITLE STATEMENT
Title Smarangatha (Marathi)
260 ## - PUBLICATION, DISTRIBUTION, ETC. (IMPRINT)
Place of publication, distribution, etc. Mumbai
Name of publisher, distributor, etc. Majestic Prakashan
Date of publication, distribution, etc. 2008
300 ## - PHYSICAL DESCRIPTION
Extent 558 P
Other physical details PB
906 ## - LOCAL DATA ELEMENT F, LDF (RLIN)
a 60
b GB
Holdings
Withdrawn status Lost status Damaged status Not for loan Collection code Home library Current library Date acquired Vendor Cost, normal purchase price Full call number Barcode Date last seen Cost, replacement price Bill Date Koha item type Original Barcode
        Non Technical Cummins College of Engineering for Women Nagpur Cummins College of Engineering for Women Nagpur 26/03/2012 Vidharabha Stationers 300.00 891.46 CEWN-BK-3190 30/05/2022 240.00 30/05/2022 Books 003190